Quels sont les noms originaux de ces personnages ? - Statistiques

Statistiques générales
  • Ce quiz a été pris 154 fois
  • Le résultat moyen est 9 sur 15
Statistiques - réponses
Question Réponse % Correct
Vaiana (princesse Disney) Moana
91%
Bob l'Éponge Spongebob Squarepants
85%
Severus Rogue (professeur dans l'univers de Harry Potter) Severus Snape
83%
La Fée Clochette (Peter Pan) Tinker Bell
81%
Sacha (dresseur Pokémon) Satoshi
75%
Frodon Sacquet (Le Seigneur des Anneaux) Frodo Baggins
72%
Oui-Oui (personnage pour enfant, ♫ avec son beau taxi ♪) Noddy
58%
Balthazar Piscou (personnage Disney) Scrooge McDuck
56%
Les Pierrafeu (série animée Hanna-Barbera) The Flintstones
44%
Tortue Géniale (Dragon Ball) Kame Sennin
42%
Riri, Fifi et Loulou (neveux de Donald Duck) Huey, Dewey and Louie
40%
Albator (personnage de manga puis de la série éponyme) Harlock
33%
Sam le Pirate (personnage des Looney Tunes) Yosemite Sam
32%
Musclor (série animée Les Maîtres de l'univers) He-Man
31%
Bourriquet (ami de Winnie l'Ourson) Eeyore
28%
Aucun quiz correspondant
Distribution des résultats
% des personnes avec chaque résultat
Percentile par nombre de réponses
Votre historique - résultats
Vous n’avez pas pris ce quiz